000
00250nam a22001097a 4500
082
_a
635 BEL'E
100
_a
BELL, GEOFFREY F
_9
79901
245
_a
ESTABLISHING A FRUIT GARDON
260
_a
LONDON
_b
STANLEY PAUL
_c
1963
300
_a
143P
942
_c
BK
999
_c
584884
_d
584884